000 00294nam a2200109Ia 4500
008 200302s9999 xx 000 0 und d
100 _aMaria antonietta crippa
245 _aAntoni Gaudi 1852-1926 From nature to Architecture
260 _bTaschen Gmbh Publishing
260 _c2015
300 _a96
999 _c6245
_d6245